| 000 | 00658aam a2200277 4500 | ||
|---|---|---|---|
| 005 | 20240604124318.0 | ||
| 008 | 150528b xxu||||| |||| 00| 0 spa d | ||
| 020 | _a9789962040002 | ||
| 041 | _aESP | ||
| 082 | _a745.5 R896m | ||
| 100 | _aRubio, Natalia | ||
| 245 | _aMaravillas en fomi | ||
| 260 | _aEspaña | ||
| 260 | _bLexus | ||
| 260 | _c2010 | ||
| 300 | _a200 páginas | ||
| 505 | _aContiene disco compacto N° 556 | ||
| 650 | _aDECORACIÓN | ||
| 650 | _aMATERIALES | ||
| 650 | _aPROYECTOS | ||
| 650 | _aANTIFACES | ||
| 650 | _aDECORACIÓN DE FIESTAS | ||
| 650 | _aDECORACIÓN PARA EL HOGAR | ||
| 942 |
_cBK _2ddc |
||
| 999 |
_c2384 _d2384 |
||